Lyrics - Demokratie - Die Ärzte - Statistiken

Allgemein
  • Dieses Quiz wurde 16 mal gespielt
  • Das Durchschnittsergebnis liegt bei 129 aus 213
Antwortstatistiken
Lyrics % Korrekt
dem
93%
Dem
93%
Demokratie
86%
es
86%
Es
86%
Griechenland
86%
ist
86%
die
79%
du
79%
Du
79%
in
79%
nich
79%
nicht
79%
Nicht
79%
auf
71%
aus
71%
bist
71%
das
71%
Das
71%
der
71%
Der
71%
ein
71%
Galaxie
71%
Gebor'n
71%
Idee
71%
nur
71%
Sie
71%
sie
71%
und
71%
Und
71%
viel
71%
Wählen
71%
Wide
71%
zu
71%
Bei
64%
dass
64%
Dein
64%
Fußballspiel
64%
gegen
64%
gibt
64%
Hass
64%
kein
64%
keine
64%
Kreuz
64%
mit
64%
vielleicht
64%
wär's
64%
wie
64%
Wie
64%
Zuschauer
64%
aber
57%
an
57%
Arbeit
57%
Beste
57%
dich
57%
Diktatoren
57%
fragst
57%
fürchten
57%
geh'n
57%
geschenkt
57%
Grund
57%
haben
57%
Hand
57%
hoffe
57%
Ich
57%
jetzt
57%
kann
57%
liegt
57%
mächtigste
57%
was
57%
wir
57%
App
50%
damit
50%
Doch
50%
einfach
50%
ewiges
50%
geht
50%
Hakenkreuze
50%
Hoffnung
50%
längst
50%
man
50%
nichts
50%
nie
50%
noch
50%
perfekt
50%
Projekt
50%
überall
50%
verbessern
50%
Web
50%
weißt
50%
Welt
50%
World
50%
davon
43%
entfernt
43%
erforderlich
43%
falls
43%
fängt
43%
Freiheit
43%
gelernt
43%
hast
43%
hoffentlich
43%
Immer
43%
Junge
43%
machen
43%
Millionen
43%
Nein
43%
ohne
43%
so
43%
So
43%
verlangt
43%
weit
43%
widersteh'n
43%
Feinde
36%
funktioniert
36%
Ihre
36%
Lösung
36%
meckern
36%
mobil
36%
Problem
36%
Scheißsystem
36%
schön
36%
Teil
36%
außerdem
29%
bedrängt
29%
bequem
29%
blöde
29%
feige
29%
Sei
29%
selber
29%
unsportlich
29%
vergisst
29%
wird
29%
Ja
21%
gelegentlich
14%
wesentlich
14%
Keine übereinstimmenden Quizze gefunden
Verteilung der Resultate
Anzahl Personen mit jedem Resultat
Perzentil nach korrekt beantworteten Fragen
Ihre Resultats-Entwicklung
Sie haben dieses Quiz noch nicht gespielt